000 00974nam a22003017a 4500
001 BR7901172
003 BR-BrBNA
005 20230928085940.0
007 ta
008 230509b bl.||||| |||| 00| 0 por d
040 _aBR-BrBNA
_bpor
_cBiblioteca Nacional de Agricultura
041 _a(Por)
072 _aK20; E70; D50
_b/G514
090 _ K20 BR7901172
100 1 _aCeccalto, J.N.
110 1 _aInstituto Brasileiro de Desenvolvimento Florestal, Brasilia, DF (Brasil). Depto. de Industrializacao e Comercializacao
_95732
245 1 _aAnalise do sistema de comercializacao interna de madeira e derivados. Documento informativo [legislacao, Brasil]
_bPt. 3
260 3 _aBrasilia, DF (Brasil):
_c1978.
300 _a263 p.
650 _aADMINISTRACAO FLORESTAL
650 _aLEGISLACAO
650 _aMADEIRA
650 _aDESMATAMENTO
650 _aREFLORESTAMENTO
650 _aCOMERCIO INTERNO
909 _a202309
_bLucia
_c55
_dLucia Elande
942 _cBK
999 _c27138
_d27138